Central Library OPAC University of Rajshahi

মযহারুল ইসলাম : (Record no. 38952)

MARC details
000 -LEADER
fixed length control field 01110nam a22002657a 4500
001 - CONTROL NUMBER
control field 38952
003 - CONTROL NUMBER IDENTIFIER
rucl marc code BD-RjUL
005 - DATE AND TIME OF LATEST TRANSACTION
control field 20211209052905.0
008 - FIXED-LENGTH DATA ELEMENTS--GENERAL INFORMATION
fixed length control field 160324b bg||||| |||| 00| 0 ben d
020 ## - INTERNATIONAL STANDARD BOOK NUMBER
International Standard Book Number 9840748467
Terms of availability : Tk. 140.00
035 ## - SYSTEM CONTROL NUMBER
System control number (BD-RjUL)39062
040 ## - CATALOGING SOURCE
Original cataloging agency BD-RjUL
Language of cataloging ben
Transcribing agency BD-RjUL
041 ## - LANGUAGE CODE
Language code of text/sound track or separate title ben
082 ## - DEWEY DECIMAL CLASSIFICATION NUMBER
Edition number 23
Classification number 891.44092
Author mark and year KAM 2010
100 ## - MAIN ENTRY--PERSONAL NAME
Personal name খালেক, আবদুল
9 (RLIN) 120265
245 10 - TITLE STATEMENT
Title মযহারুল ইসলাম :
Remainder of title [জ.১০ সেপ্টেম্বর ১৯২৮-মৃ. ১৫ নভেম্বর ২০০৩] /
Statement of responsibility, etc. আবদুল খালেক
260 ## - PUBLICATION, DISTRIBUTION, ETC. (IMPRINT)
Place of publication, distribution, etc. ঢাকা :
Name of publisher, distributor, etc. বাংলা একাডেমী ,
Date of publication, distribution, etc. ২০১০
300 ## - PHYSICAL DESCRIPTION
Pagination [১০], ১৬৮পৃ.:
Illustrations চিত্র ;
Size ২১ সেমি.
504 ## - BIBLIOGRAPHY, ETC. NOTE
Bibliography, etc তথ্যপঞ্জি সংযুক্ত
600 ## - SUBJECT ADDED ENTRY--PERSONAL NAME
Personal name ইসলাম, মযহারুল
General subdivision জীবনী
Personal name Islam, Mazharul
General subdivision Biography
650 ## - SUBJECT ADDED ENTRY--TOPICAL TERM
Topical term or geographic name as entry element বাংলা সাহিত্যিক
9 (RLIN) 120391
Topical term or geographic name as entry element Bengali Writer
9 (RLIN) 122307
942 ## - ADDED ENTRY ELEMENTS (KOHA)
Source of classification or shelving scheme Dewey Decimal Classification
Koha item type Books
Holdings
Lost status Source of classification or shelving scheme Damaged status Not for loan Collection code Permanent Location Current Location Shelving location Date acquired Source of acquisition Cost, normal purchase price Total Checkouts Full call number Date last seen Copy number Koha item type
  Dewey Decimal Classification     Non-fiction Central Library, University of Rajshahi Central Library, University of Rajshahi Reading Room 01/03/2014 Abdul khaleque, Binodpur, Rajshahi 140.00   B 891.44092 KAM 2010 24/03/2016 C-3 Books
  Dewey Decimal Classification     Non-fiction Central Library, University of Rajshahi Central Library, University of Rajshahi   01/03/2014 Abdul Khaleque, Binodpur, Rajshahi 140.00   B 891.44092 KAM 2010 16/04/2016 C-2 Books
  Dewey Decimal Classification   Not For Loan Non-fiction Central Library, University of Rajshahi Central Library, University of Rajshahi Reading Room 31/07/2012 Dhaka, Bangal Academy 140.00   B 891.44092 KAM 2010 05/04/2017 C-1 Books